DC Comics Superheroes Secret Identities - Statistics

General Stats
  • This quiz has been taken 372 times
  • The average score is 13 of 24
Answer Stats
Hero Name Answer % Correct
Batman Bruce Wayne
98%
Superman Clark Kent
98%
The Flash Barry Allen
92%
Nightwing Dick Grayson
87%
Green Lantern Hal Jordan
83%
Batgirl Barbara Gordon
80%
Shazam Billy Batson
79%
Kid Flash Wally West
79%
Green Arrow Oliver Queen
76%
Wonder Woman Diana Prince
73%
Robin Damian Wayne
67%
Aquaman Arthur Curry
65%
Cyborg Victor Stone
59%
Martian Manhunter John Jones
55%
The Atom Ray Palmer
54%
Supergirl Kara Zor-El
41%
Blue Beetle Jaime Reyes
31%
Raven Rachel Roth
30%
Black Canary Dinah Drake
21%
Beastboy Gar Logan
19%
Starfire Kory Anders
19%
Vibe Francisco Ramon
12%
Vixen Mari Jiwe McCabe
2%
Hawkgirl Shiera Sanders Hall
2%
No matching quizzes found
Score Distribution
Percent of People with Each Score
Percentile by Number Answered
Your Score History
You have not taken this quiz